Anteproyecto de un Centro de desarrollo y rehabilitación para personas con discapacidad en la ciudad de Estelí

El presente trabajo está enfocado en uno de los segmentos de población con mayor necesidad de atención, el tema surge con el fin de brindar un espacio adecuado para la rehabilitación de personas con esas características, sobre todo promover la interacción social de los niños, adolescentes y a...

Full description

Bibliographic Details
Main Authors: Pastora Rayo, Armando Alonso, Valdivia García, Jorge Pavel
Other Authors: Tutor: Pentzke Chamorro, Gerald
Format: Tesis Section = Libro
Language:Undetermined
Spanish
Published: Managua UNI 2017
Subjects:
LEADER 01190nam a2200265Ia 4500
008 240830s9999 xx 000 0 und d
040 |a BIBLIOTECA-RUSB/ Mon 721 P293 
041 |a spa 
082 |a Mon 721 P293 
100 1 |a Pastora Rayo, Armando Alonso 
100 1 |b Valdivia García, Jorge Pavel 
245 1 0 |a Anteproyecto de un Centro de desarrollo y rehabilitación para personas con discapacidad en la ciudad de Estelí 
260 |a Managua  |b UNI  |c 2017 
300 |a 85 p. :il. 
502 |a Tesis (Arquitecto) - UNI, 2017. 
520 3 |a El presente trabajo está enfocado en uno de los segmentos de población con mayor necesidad de atención, el tema surge con el fin de brindar un espacio adecuado para la rehabilitación de personas con esas características, sobre todo promover la interacción social de los niños, adolescentes y adultos con discapacidad a la comunidad. 
650 7 |a DISEÑO ARQUITECTONICO 
650 7 |b  DETALLES ARQUITECTONICOS 
650 7 |c  CENTRO DE REHABILITACION- ESTELI 
650 7 |d  DISEÑO Y CONSTRUCCION 
650 7 |e  DISCAPACIDAD 
700 1 |a Tutor:  |b Pentzke Chamorro, Gerald 
942 |c BK  |2 ddc 
991 |a TESIS 
999 |c 21177